Statistics for States that Beat California

Click here to take the quiz!

General Stats

  • This quiz has been taken 12,100 times
  • The average score is 12 of 20

Answer Stats

Rank Hint Answer % Correct
3Largest areaAlaska | Texas
100%
3Highest percent Hispanic residentsNew Mexico | Texas
91%
3Most international visitorsNew York | Florida
81%
2Busiest airportGeorgia
76%
5Most Starbucks per capitaWashington | Nevada | Colorado | Oregon
76%
2Most golf coursesFlorida
72%
4Oldest national parkWyoming | Montana | Idaho
71%
2Highest maximum elevationAlaska
67%
6Highest median incomeMaryland | New Jersey | Hawaii |
Massachusetts | Connecticut
66%
7Highest percent CatholicRhode Island | Massachusetts | New Jersey |
New Mexico | New York | Connecticut
63%
2Most expensive house pricesHawaii
61%
3Lowest % Donald Trump voters in 2016Hawaii | Vermont
60%
2Most horsesTexas
54%
2Most 7.0 earthquakes since 1900Alaska
45%
3Highest Native American populationArizona | Oklahoma
45%
2Highest median computer programmer wagesWashington
45%
2Highest percent Asian residentsHawaii
42%
5Earliest date of statehood west of the
Mississippi River
Missouri | Arkansas | Texas | Iowa
42%
4Lowest obesity rateColorado | Massachusetts | Hawaii
40%
2NBA championships wonMassachusetts
38%

Score Distribution

Percentile by Number Answered

Percent of People with Each Score

Your Score History

You have not taken this quiz